Proyectos Bluefields

Presenta una propuesta que permita el ordenamiento del centro urbano en función de las características arquitectónicas y urbanísticas de la ciudad y que a la vez dote del equipamiento necesario para la población. Llegar a establecer la infraestructura necesaria con el fin de mejorar las condici...

Full description

Bibliographic Details
Main Author: Zúñiga, Blanca Romero
Other Authors: Tutor: Lijachov, Eugenio
Format: Tesis Section = Libro
Language:Undetermined
Spanish
Published: Managua UNI 1990
Subjects:
LEADER 01145nam a2200217Ia 4500
008 240830s9999 xx 000 0 und d
040 |a BIBLIOTECA-RUSB/ Mon 725 P962 
041 |a spa 
082 |a Mon 725 P962 
100 1 |a Zúñiga, Blanca Romero 
245 1 0 |a Proyectos Bluefields 
260 |a Managua  |b UNI  |c 1990 
300 |a 187 p. :il. 
502 |a Tesis (Arquitecto) - UNI, 1990. 
520 3 |a Presenta una propuesta que permita el ordenamiento del centro urbano en función de las características arquitectónicas y urbanísticas de la ciudad y que a la vez dote del equipamiento necesario para la población. Llegar a establecer la infraestructura necesaria con el fin de mejorar las condiciones de trabajo de los pescadores artesanales de la ciudad y al mismo tiempo proyectar en el Bo. "El Canal" áreas de vivienda disponibles para solventar en la medida de lo posible el problema habitacional acentuado a raíz del huracán Joan. 
650 7 |a CONSTRUCCIONES PÚBLICAS 
650 7 |b  CENTROS DE RECREO - DISEÑO DE CONSTRUCCION 
700 1 |a Tutor:  |b Lijachov, Eugenio 
942 |c BK  |2 ddc 
991 |a TESIS 
999 |c 21201